00407nam a22001217a 4500020000800000040001600008082001300024100002900037245012000066250001300186260005200199300003400251 qHB. cFIZZA ISHAQ a909bWIL a Williams , Henry Smith. aThe historians' history of the world in twenty-five volumes, volume XI - FRANCE, 843-1715 /cHenry Smith Williams. aVol : XI aNew York :b Press of J. J. Little & Co,c1904. axiv ; 656 P. ; ill . ;c27 cm